| 000 | 00535 a2200169 4500 | ||
|---|---|---|---|
| 020 | _a0072407662 | ||
| 040 |
_aDLC _bDLC |
||
| 082 | 0 | 0 | _a302.23 |
| 100 | 1 | _aDominick, Joseph R. | |
| 245 | 1 | 4 |
_aThe dynamics of mass communication: media in the digital age _bmedia in the digital age _cJoseph R. Dominick. |
| 250 | _a7th ed. | ||
| 260 |
_aBoston, MA. : _bMcGraw-Hill, _cc2002. |
||
| 300 |
_axxxii, 528 p. : _bill. ; _c25 cm. |
||
| 440 | 0 | _aMcGraw-Hill series in mass communication | |
| 650 | 0 | _aMass media. | |
| 942 |
_cBK _k302.23 DOM _2ddc |
||
| 999 |
_c7172 _d7172 |
||